| Tag |
First Indicator |
Second Indicator |
Subfields |
| LEADER |
00000cam a2200000 a 4500 |
| 001 |
in00000071682 |
| 005 |
20151008062338.0 |
| 008 |
790516s1978 nyua b 10110 eng d |
| 035 |
|
|
|a (OCoLC)04968819
|
| 035 |
|
|
|9 AAK0024AM
|
| 040 |
|
|
|a COO
|c COO
|d OCL
|d m.c.
|d MKC
|d TXA
|d UtOrBLW
|
| 049 |
|
|
|a TXAM
|c [1803837]
|
| 060 |
|
0 |
|a W3 SY508L 2d 1978p
|a W 26.5 S988 1978p
|
| 090 |
|
|
|a R858.A1
|b S98 1978
|
| 111 |
2 |
|
|a Symposium on Computer Applications in Medical Care
|n (2nd :
|d 1978 :
|c Washington, D.C.)
|
| 245 |
1 |
0 |
|a Proceedings : the second annual Symposium on Computer Application in Medical Care, November 5-9, 1978, Washington, D.C. /
|c editor, F. Helmuth Orthner ; sponsored by George Washington University Medical Center [and others].
|
| 264 |
|
1 |
|a New York :
|b Institute of Electrical and Electronics Engineers,
|c [1978]
|
| 264 |
|
4 |
|c ©1978
|
| 300 |
|
|
|a 667 pages :
|b illustrations ;
|c 29 cm.
|
| 336 |
|
|
|a text
|b txt
|2 rdacontent
|
| 337 |
|
|
|a unmediated
|b n
|2 rdamedia
|
| 338 |
|
|
|a volume
|b nc
|2 rdacarrier
|
| 500 |
|
|
|a "78CH1413-4."
|
| 504 |
|
|
|a Includes bibliographical references and index.
|
| 650 |
|
0 |
|a Medical care
|x Data processing
|x Congresses.
|
| 650 |
|
2 |
|a Computers
|x congresses.
|
| 650 |
|
2 |
|a Medicine
|x congresses.
|
| 700 |
1 |
|
|a Orthner, F. Helmuth.
|
| 710 |
2 |
|
|a George Washington University.
|b Medical Center.
|
| 740 |
0 |
|
|a Computer application in medical care.
|
| 999 |
|
|
|a MARS
|
| 999 |
f |
f |
|s 32eb4f17-6ae7-3a88-8cc9-b09dfe5fc44f
|i 99ce7c1d-54df-3164-a9e9-1c98c2d424ec
|t 0
|
| 952 |
f |
f |
|p ric
|a Texas A&M University
|b Rellis Campus
|c Joint Library Facility
|d Remote Storage
|t 0
|e R858.A1 S98 1978
|h Library of Congress classification
|i unmediated -- volume
|m A14806227178
|
| 998 |
f |
f |
|a R858.A1 S98 1978
|t 0
|l Remote Storage
|